Trendy v online marketingu bakalárska práca

Guardado en:
Detalles Bibliográficos
Autor principal: Frešo, Slavomír, 1978-
Autor Corporativo: Obchodná fakulta EU. Katedra marketingu
Otros Autores: Stanková, Monika, 1993-
Formato: Libro
Lenguaje:eslovaco
Publicado: Bratislava 2020
Etiquetas: Agregar Etiqueta
Sin Etiquetas, Sea el primero en etiquetar este registro!

MARC

LEADER 00000nbm a2200000 4500
001 0266572
005 20201006100917.5
041 0 |a slo 
044 |a SK 
245 1 0 |a Trendy v online marketingu  |b bakalárska práca  |c Slavomír Frešo ; školiteľ: Monika Stanková 
264 1 |a Bratislava  |c 2020 
300 |a 47 s. 
100 1 |a Frešo, Slavomír, 1978- 
700 1 |a Stanková, Monika, 1993- 
710 2 |a Obchodná fakulta EU. Katedra marketingu